Expresión de afectos en el lenguaje y retardo socio-cultural

Na minha lista:
Detalhes bibliográficos
Autor principal: Larraguibel, Marcela (Autor)
Outros Autores: Lolas Stepke, Fernando (autor)
Formato: Livro
Idioma:espanhol
Publicado em: Santiago C.P.U 1991
coleção:Documento de trabajo, 22-91
Assuntos:
Tags: Adicionar Tag
Sem tags, seja o primeiro a adicionar uma tag!

MARC

LEADER 00000nam a2200000 a 4500
001 UCW6234
003 CL-VaPUC
008 911112e19910000CL |||||||||||||||||spa|d
082 0 4 |a 616.855  |b LAR  |2 21 
100 0 |a Larraguibel, Marcela  |e author  |9 311268 
700 |a Lolas Stepke, Fernando  |e autor  |9 552726 
245 1 0 |a Expresión de afectos en el lenguaje y retardo socio-cultural 
300 |a 34 p 
942 |c BK 
945 |d 19911112 00:00:00 
260 |a Santiago  |b C.P.U  |c 1991 
650 0 |a Desarrollo del lenguaje   |9 311270 
650 0 |a Comunicación oral  |9 307769 
583 |a last modification  |c 19911112 00:00:00  |k Rodrigo Vera 
490 0 |a Documento de trabajo, 22-91 
999 |c 219377  |d 219375 
952 |0 0  |1 0  |4 0  |6 616_855000000000000_LAR_1991  |7 0  |8 P  |9 210255  |a BIBEDU  |b BIBEDU  |d 2019-11-15  |i 2783118  |o 616.855 LAR 1991  |p 2783118  |r 2019-11-15  |w 2019-11-15  |y BK  |k EDU 
952 |0 0  |1 0  |4 0  |6 616_855000000000000_LAR_1991  |7 0  |8 P  |9 210256  |a BIBEDU  |b BIBEDU  |c BIBEDU_PB  |d 2019-11-15  |i 3611477  |o 616.855 LAR 1991  |p 3611477  |r 2019-11-15  |w 2019-11-15  |y BK  |k BME